000
00299nam a2200109Ia 4500
008
200302s9999 xx 000 0 und d
100
_a
Peter Stone
245
_a
British Hospital and Health-Care Buildings Designs and Appraisals
260
_b
The Architectural Press
260
_c
1980
300
_a
279 P.,
999
_c
157
_d
157